| 000 | 01078cad a22002295a 4500 | ||
|---|---|---|---|
| 001 | L149987 | ||
| 008 | 100521e20100219xxkd f s f000 0 eng d | ||
| 035 | _a(Sirsi) u149987 | ||
| 041 | 0 | _aeng | |
| 110 | 1 |
_aUnited Kingdom _bDepartment for Communities and Local Government _94939 |
|
| 245 | 0 | 0 |
_aHouse building _bMarch Quarter 2010, England _h[electronic resource] |
| 260 | _c2010 | ||
| 490 | 0 |
_aDCLG Housing Statistical Release _vMarch Quarter 2010, May 2010 |
|
| 520 | _aHouse building starts and completions in England, seasonally and non-seasonally adjusted, regional trends, house building targets, data collection, strengths and weaknesses of the data. | ||
| 590 | _aKA NTK | ||
| 650 | 2 | 4 | _aDCLG QUARTERLY HOUSE BUILDING STATISTICS |
| 651 | 4 |
_aUnited Kingdom _y |
|
| 690 | _aPROPERTY-RESIDENTIAL PROPERTY-RESIDENTIAL PROPERTY DEVELOPMENT | ||
| 690 | _aBUILT ENVIRONMENT-CONSTRUCTION MARKET | ||
| 856 | 4 | 0 |
_uhttps://www.communities.gov.uk/publications/corporate/statistics/housebuildingq12010 _zView the website free of charge at www.communities.gov.uk |
| 942 | _n0 | ||
| 999 |
_c110692 _d110692 |
||